000 00444nam a2200157Ia 4500
008 240126s9999 xx 000 0 und d
041 _aEnglish
082 _a294.563 BHA;1 R
100 _aBhaktivedanta. Swami Prabhupada A C.
245 0 _aTeachings of Lord Kapila : son of devahuti
260 _bThe Bhaktivedanta book trust
_aMumbai
300 _a309
440 _aNULL
650 _aTeachings,Lord,Kapila,son,devahuti
942 _cPU
999 _c276548
_d276548